Dataset Open Access

Clay Tablet (KUG 28) from the University Library Giessen (3D model)

Eric Werner


MARC21 XML Export

<?xml version='1.0' encoding='UTF-8'?>
<record xmlns="http://www.loc.gov/MARC21/slim">
  <leader>00000nmm##2200000uu#4500</leader>
  <datafield tag="542" ind1=" " ind2=" ">
    <subfield code="l">open</subfield>
  </datafield>
  <datafield tag="700" ind1=" " ind2=" ">
    <subfield code="a">Wiebke Beyer</subfield>
    <subfield code="u">CSMC</subfield>
    <subfield code="4">res</subfield>
  </datafield>
  <datafield tag="540" ind1=" " ind2=" ">
    <subfield code="u">https://creativecommons.org/licenses/by/4.0/legalcode</subfield>
    <subfield code="a">Creative Commons Attribution 4.0 International</subfield>
  </datafield>
  <datafield tag="980" ind1=" " ind2=" ">
    <subfield code="a">dataset</subfield>
  </datafield>
  <datafield tag="520" ind1=" " ind2=" ">
    <subfield code="a">&lt;p&gt;ID: KUG 28&lt;br&gt;
Object type: tablet&lt;br&gt;
Material: clay&lt;br&gt;
Measurements: 6 x 5,5 x 1,5 cm&lt;br&gt;
Provenience:Kanesh (mod. K&amp;uuml;ltepe)&lt;br&gt;
Period/Date: Old Assyrian&lt;br&gt;
Language: Akkadian&lt;br&gt;
Genre: letter&lt;br&gt;
Museum/Collection: Universit&amp;auml;tsbibliothek, University of Giessen, Germany&lt;br&gt;
CDLI: &lt;a href="https://cdli.ucla.edu/search/archival_view.php?ObjectID=P283885"&gt;P283885&lt;/a&gt;&lt;/p&gt;</subfield>
  </datafield>
  <controlfield tag="005">20201113105306.0</controlfield>
  <datafield tag="024" ind1=" " ind2=" ">
    <subfield code="a">10.25592/uhhfdm.770</subfield>
    <subfield code="2">doi</subfield>
  </datafield>
  <datafield tag="260" ind1=" " ind2=" ">
    <subfield code="c">2020-01-31</subfield>
  </datafield>
  <controlfield tag="001">770</controlfield>
  <datafield tag="650" ind1="1" ind2="7">
    <subfield code="a">cc-by</subfield>
    <subfield code="2">opendefinition.org</subfield>
  </datafield>
  <datafield tag="909" ind1="C" ind2="O">
    <subfield code="o">oai:fdr.uni-hamburg.de:770</subfield>
    <subfield code="p">user-uhh</subfield>
    <subfield code="p">user-csmc</subfield>
  </datafield>
  <datafield tag="245" ind1=" " ind2=" ">
    <subfield code="a">Clay Tablet (KUG 28) from the University Library Giessen (3D model)</subfield>
  </datafield>
  <datafield tag="773" ind1=" " ind2=" ">
    <subfield code="a">10.25592/uhhfdm.769</subfield>
    <subfield code="i">isVersionOf</subfield>
    <subfield code="n">doi</subfield>
  </datafield>
  <datafield tag="856" ind1="4" ind2=" ">
    <subfield code="s">2332364</subfield>
    <subfield code="u">https://www.fdr.uni-hamburg.de/record/770/files/1_kug28.gif</subfield>
    <subfield code="z">md5:1006d5931de32d3e6e21bd24298b965c</subfield>
  </datafield>
  <datafield tag="856" ind1="4" ind2=" ">
    <subfield code="s">47111488</subfield>
    <subfield code="u">https://www.fdr.uni-hamburg.de/record/770/files/Giessen_Kug28.glb</subfield>
    <subfield code="z">md5:3b82c63502d80ec96426bf7fd087b6d1</subfield>
  </datafield>
  <datafield tag="856" ind1="4" ind2=" ">
    <subfield code="s">1282903604</subfield>
    <subfield code="u">https://www.fdr.uni-hamburg.de/record/770/files/Giessen_Kug28_high.obj</subfield>
    <subfield code="z">md5:216352a406e1a755de55dea61dc2b476</subfield>
  </datafield>
  <datafield tag="856" ind1="4" ind2=" ">
    <subfield code="s">515133108</subfield>
    <subfield code="u">https://www.fdr.uni-hamburg.de/record/770/files/Giessen_Kug28_stl_raw.zip</subfield>
    <subfield code="z">md5:5c342f92da63cbf01b4912f3bac75c50</subfield>
  </datafield>
  <datafield tag="856" ind1="4" ind2=" ">
    <subfield code="s">309758109</subfield>
    <subfield code="u">https://www.fdr.uni-hamburg.de/record/770/files/VR-20180516_145522_Giessen_Kug28.zip</subfield>
    <subfield code="z">md5:1f3af4b27a373a2d55f9e8942491ee86</subfield>
  </datafield>
  <datafield tag="653" ind1=" " ind2=" ">
    <subfield code="a">3D</subfield>
  </datafield>
  <datafield tag="653" ind1=" " ind2=" ">
    <subfield code="a">3D model</subfield>
  </datafield>
  <datafield tag="653" ind1=" " ind2=" ">
    <subfield code="a">3D Scan</subfield>
  </datafield>
  <datafield tag="653" ind1=" " ind2=" ">
    <subfield code="a">Giessen University</subfield>
  </datafield>
  <datafield tag="653" ind1=" " ind2=" ">
    <subfield code="a">Clay Tablet</subfield>
  </datafield>
  <datafield tag="653" ind1=" " ind2=" ">
    <subfield code="a">Cuneiform</subfield>
  </datafield>
  <datafield tag="653" ind1=" " ind2=" ">
    <subfield code="a">Old Assyrian</subfield>
  </datafield>
  <datafield tag="653" ind1=" " ind2=" ">
    <subfield code="a">Akkadian</subfield>
  </datafield>
  <datafield tag="653" ind1=" " ind2=" ">
    <subfield code="a">letter</subfield>
  </datafield>
  <datafield tag="100" ind1=" " ind2=" ">
    <subfield code="a">Eric Werner</subfield>
    <subfield code="u">Universität Hamburg</subfield>
  </datafield>
  <datafield tag="980" ind1=" " ind2=" ">
    <subfield code="a">user-csmc</subfield>
  </datafield>
  <datafield tag="980" ind1=" " ind2=" ">
    <subfield code="a">user-uhh</subfield>
  </datafield>
</record>

Cite record as